[Event "Kuopio op-A 40th"]
[Site "Kuopio"]
[Date "2018.04.29"]
[Round "3"]
[White "Hytonen, Timo"]
[Black "Westerinen, Heikki MJ"]
[Result "0-1"]
[WhiteElo "1982"]
[BlackElo "2308"]
[PlyCount "48"]
[EventDate "2018.04.28"]
[EventType "swiss"]
[EventRounds "4"]
[EventCountry "FIN"]
[SourceTitle "EXT 2022"]
[Source "ChessBase"]
[SourceDate "2021.10.06"]
[SourceVersion "1"]
[SourceVersionDate "2021.10.06"]
[SourceQuality "1"]

1. d4 Nf6 2. c4 g6 3. Nf3 Bg7 4. e3 0-0 5. Be2 d6 6. Nc3 Nbd7 7. 0-0 e5 8. Qc2 Re8 9. Rd1 Qe7 10. b4 e4 11. Nd2 Nf8 12. a4 Bf5 13. a5 a6 14. Ba3 Qd7 15. Nb3 h5 16. Bf1 Ne6 17. h4 Ng4 18. Nd5 c6 19. Nf4 Nxf4 20. exf4 e3 21. Qc3 exf2+ 22. Kh1 Re3 23. Rd3 Bxd3 24. Bxd3 Qe7 0-1

[Event "Salo We Tomi Tocklin 50v"]
[Site "Salo"]
[Date "2018.02.18"]
[Round "6"]
[White "Hytonen, Timo"]
[Black "Simola, Tuomas"]
[Result "1/2-1/2"]
[WhiteElo "1982"]
[BlackElo "2099"]
[PlyCount "23"]
[EventDate "2018.02.??"]
[EventType "swiss"]
[EventRounds "7"]
[EventCountry "FIN"]
[SourceTitle "EXT 2022"]
[Source "ChessBase"]
[SourceDate "2021.10.06"]
[SourceVersion "1"]
[SourceVersionDate "2021.10.06"]
[SourceQuality "1"]

1. d4 d5 2. c4 e6 3. Nc3 c6 4. e4 dxe4 5. Nxe4 Bb4+ 6. Bd2 Qxd4 7. Bxb4 Qxe4+ 8. Be2 Qxg2 9. Bf3 Qg5 10. h4 Qf4 11. Qd3 Nd7 12. Ne2 1/2-1/2

[Event "Tampere We TammerSh B"]
[Site "Tampere"]
[Date "2017.09.30"]
[Round "1"]
[White "Hytonen, Timo"]
[Black "Aalto, Patrik"]
[Result "1-0"]
[WhiteElo "1973"]
[BlackElo "1867"]
[PlyCount "143"]
[EventDate "2017.09.30"]
[EventType "swiss"]
[EventRounds "4"]
[EventCountry "FIN"]
[SourceTitle "EXT 2022"]
[Source "ChessBase"]
[SourceDate "2021.10.06"]
[SourceVersion "1"]
[SourceVersionDate "2021.10.06"]
[SourceQuality "1"]

1. d4 Nf6 2. c4 c5 3. d5 e6 4. Nc3 exd5 5. cxd5 d6 6. e4 g6 7. Bd3 Bg7 8. h3 0-0 9. Nf3 Na6 10. 0-0 Re8 11. Re1 Nc7 12. a4 b6 13. Bf4 a6 14. Nd2 Re7 15. Nc4 Nce8 16. Qb3 Rb7 17. e5 dxe5 18. Nxe5 Nd6 19. Nc6 Qf8 20. g4 h5 21. f3 Kh7 22. Qc2 c4 23. Bf1 Bd7 24. Qh2 Nde8 25. Ne5 Rc8 26. Kh1 b5 27. axb5 axb5 28. Rad1 b4 29. Ne4 Bb5 30. Qg3 Nxe4 31. fxe4 Nf6 32. Nf3 c3 33. Bxb5 Rxb5 34. Nd4 Rb6 35. Nc6 cxb2 36. Be5 Nd7 37. Bxg7 Qxg7 38. gxh5 gxh5 39. Qf3 Kh6 40. Rg1 Qf6 41. Qe3+ Kh7 42. Rdf1 b1Q 43. Rxb1 Rg8 44. Rxg8 Kxg8 45. Rg1+ Kh7 46. Qe2 Kh6 47. Qe3+ Kh7 48. Nd4 Qh6 49. Qf3 Rf6 50. Nf5 Ne5 51. Qg3 Rg6 52. Nxh6 Rxg3 53. Rxg3 Kxh6 54. d6 Nd7 55. h4 f6 56. Kg2 Nc5 57. Rg8 b3 58. Kf3 b2 59. Rb8 Kg6 60. Rxb2 Kf7 61. Rc2 Nd3 62. Ke3 Ne5 63. Kf4 Ng6+ 64. Kg3 Ke6 65. Rd2 Ne5 66. Rd5 Kd7 67. Kf4 Ke6 68. Rxe5+ fxe5+ 69. Kg5 Kxd6 70. Kxh5 Ke7 71. Kg6 Kf8 72. Kf6 1-0

[Event "Kuopio We KSY A"]
[Site "Kuopio"]
[Date "2016.04.16"]
[Round "1"]
[White "Hytonen, Timo"]
[Black "Ronka, Erik"]
[Result "0-1"]
[WhiteElo "1999"]
[BlackElo "2260"]
[PlyCount "76"]
[EventDate "2016.04.16"]
[EventType "swiss"]
[EventRounds "5"]
[EventCountry "FIN"]
[SourceTitle "EXT 2022"]
[Source "ChessBase"]
[SourceDate "2021.10.06"]
[SourceVersion "1"]
[SourceVersionDate "2021.10.06"]
[SourceQuality "1"]

1. d4 Nf6 2. c4 g6 3. Nc3 Bg7 4. e4 0-0 5. h3 c6 6. Nf3 d5 7. e5 Ne4 8. cxd5 cxd5 9. Qb3 Nxc3 10. bxc3 Nc6 11. Bd3 b6 12. Ba3 Bb7 13. 0-0 Na5 14. Qb4 Re8 15. Bb5 Bc6 16. Ba6 b5 17. Qc5 Qb6 18. Bb4 Nc4 19. e6 f6 20. Bxb5 Qxb5 21. Rfb1 Qa4 22. Rb3 a5 23. Ba3 Nxa3 24. Rxa3 Qc4 25. Rxa5 Qxc5 26. Rxc5 Rec8 27. Ne1 Bh6 28. Nd3 Ba4 29. Rxd5 Rxc3 30. Nc5 Bc6 31. Ne4 Rc2 32. Nxf6+ exf6 33. Rc5 Rxc5 34. dxc5 Kf8 35. Rb1 Ke7 36. Rb6 Rc8 37. a4 Kxe6 38. a5 Kd5 0-1

[Event "FIN-chT1B 1516"]
[Site "Finland"]
[Date "2015.10.10"]
[Round "3.4"]
[White "Hytonen, Timo"]
[Black "Lehtohalme, Lasse"]
[Result "1/2-1/2"]
[WhiteElo "2032"]
[BlackElo "1961"]
[PlyCount "112"]
[EventDate "2015.09.12"]
[EventType "team-tourn"]
[EventRounds "8"]
[EventCountry "FIN"]
[SourceTitle "EXT 2017"]
[Source "ChessBase"]
[SourceDate "2016.10.25"]
[SourceVersion "1"]
[SourceVersionDate "2016.10.25"]
[SourceQuality "1"]
[WhiteTeam "Mikkeli SK"]
[BlackTeam "Hameenlinna"]
[WhiteTeamCountry "FIN"]
[BlackTeamCountry "FIN"]

1. d4 Nf6 2. c4 c5 3. d5 b5 4. Nf3 d6 5. cxb5 a6 6. b6 Qxb6 7. Nc3 Bf5 8. Nd2 e5 9. e4 Bd7 10. a4 a5 11. Bb5 Na6 12. Nc4 Qd8 13. Bg5 Bxb5 14. axb5 Nb4 15. b6 Be7 16. Bxf6 gxf6 17. 0-0 0-0 18. f4 Kh8 19. fxe5 fxe5 20. Qh5 f6 21. Rf3 Rg8 22. Rh3 Rg7 23. Nb5 Qg8 24. Qe2 f5 25. Nc7 Rb8 26. Ne6 Rg4 27. exf5 Nxd5 28. Nxe5 dxe5 29. Qxe5+ Bf6 30. Qxd5 Rxb6 31. Rxa5 Rxb2 32. Rg3 Rxg3 33. hxg3 Qxg3 34. Ra8+ Rb8 35. Rxb8+ Qxb8 36. Qxc5 Qb1+ 37. Kh2 Qb8+ 38. Kh3 Qb3+ 39. g3 Qb8 40. Qf8+ Qxf8 41. Nxf8 h5 42. Kg2 Kg7 43. Ne6+ Kh6 44. Kf3 Be5 45. Kg2 Bd6 46. Kf2 Be5 47. Kf3 Bd6 48. g4 hxg4+ 49. Kxg4 Be7 50. Kf4 Bf6 51. Ke4 Kh7 52. Kd5 Kg8 53. Kd6 Kf7 54. Nc7 Be7+ 55. Ke5 Bf6+ 56. Kd5 Bd8 1/2-1/2

[Event "FIN-chT1B 1516"]
[Site "Finland"]
[Date "2015.09.12"]
[Round "1.5"]
[White "Hytonen, Timo"]
[Black "Keinanen, Toivo"]
[Result "1/2-1/2"]
[WhiteElo "2032"]
[BlackElo "2074"]
[PlyCount "160"]
[EventDate "2015.09.12"]
[EventType "team-tourn"]
[EventRounds "8"]
[EventCountry "FIN"]
[SourceTitle "EXT 2017"]
[Source "ChessBase"]
[SourceDate "2016.10.25"]
[SourceVersion "1"]
[SourceVersionDate "2016.10.25"]
[SourceQuality "1"]
[WhiteTeam "Mikkeli SK"]
[BlackTeam "Espoo MatSK II"]
[WhiteTeamCountry "FIN"]
[BlackTeamCountry "FIN"]

1. d4 Nf6 2. c4 g6 3. Nc3 d5 4. Nf3 Bg7 5. e3 0-0 6. Qb3 dxc4 7. Bxc4 Nc6 8. Be2 Nd7 9. 0-0 b6 10. Qa4 Bb7 11. Rd1 a6 12. e4 b5 13. Qc2 Qc8 14. Be3 Nf6 15. a3 Ng4 16. Rac1 Rd8 17. Nd5 Nxe3 18. fxe3 Rd7 19. Nd2 e6 20. Nf4 Qd8 21. Nb3 Bf8 22. Nd3 Bh6 23. Nf4 Bxf4 24. exf4 Nxd4 25. Nxd4 Rxd4 26. Qxc7 Rxd1+ 27. Bxd1 Qxc7 28. Rxc7 Bxe4 29. Kf2 Rd8 30. Bf3 Bxf3 31. gxf3 Rd2+ 32. Kg3 Rxb2 33. Ra7 Ra2 34. Rxa6 b4 35. a4 b3 36. Rb6 Rxa4 37. Rxb3 Ra5 38. h4 Kg7 39. Rc3 Rd5 40. Rb3 Rd4 41. Rc3 Ra4 42. Rb3 Ra5 43. Rc3 Kh6 44. Rc7 Kg7 45. Rc3 Ra7 46. Rb3 Kh6 47. Rb5 Rd7 48. Rc5 Rd5 49. Rc7 Kg7 50. Rc3 e5 51. fxe5 Rxe5 52. Rb3 Kh6 53. Rb7 f5 54. Rb4 Kh5 55. Ra4 Rd5 56. Rb4 Kh6 57. Ra4 Rd7 58. Rb4 Kg7 59. Kf4 Kh6 60. Kg3 Rd2 61. Rc4 Kh5 62. Rb4 h6 63. Rc4 Re2 64. Rb4 g5 65. hxg5 hxg5 66. Rb5 f4+ 67. Kh3 Kg6 68. Rb6+ Kf5 69. Rb5+ Kf6 70. Rb6+ Ke5 71. Rb4 Rf2 72. Rb3 Kd4 73. Kg4 Rg2+ 74. Kf5 Rg1 75. Ra3 Kc4 76. Kf6 Kd4 77. Kf5 Rg3 78. Rb3 Kd5 79. Rd3+ Kc4 80. Ra3 Kd4 1/2-1/2

[Event "Savonlinna We SavSK"]
[Site "Savonlinna"]
[Date "2015.09.06"]
[Round "4"]
[White "Auvinen, Esa"]
[Black "Hytonen, Timo"]
[Result "1/2-1/2"]
[WhiteElo "1951"]
[BlackElo "2048"]
[PlyCount "46"]
[EventDate "2015.09.05"]
[EventType "swiss"]
[EventRounds "5"]
[EventCountry "FIN"]
[SourceTitle "EXT 2022"]
[Source "ChessBase"]
[SourceDate "2021.10.06"]
[SourceVersion "1"]
[SourceVersionDate "2021.10.06"]
[SourceQuality "1"]

1. e4 c6 2. d4 d5 3. exd5 cxd5 4. c4 Nf6 5. Nc3 Nc6 6. Nf3 Bg4 7. cxd5 Nxd5 8. Qb3 Bxf3 9. gxf3 e6 10. Qxb7 Nxd4 11. Bb5+ Nxb5 12. Qc6+ Ke7 13. Qxb5 Nxc3 14. bxc3 Rb8 15. Qc5+ Ke8 16. Qxa7 Bd6 17. Qd4 Qc7 18. f4 f6 19. 0-0 Kf7 20. Be3 Rbc8 21. a4 Bc5 22. Qxc5 Qxc5 23. Bxc5 Rxc5 1/2-1/2

[Event "Lahti We LahS"]
[Site "Lahti"]
[Date "2015.07.25"]
[Round "2"]
[White "Hytonen, Timo"]
[Black "Sarwer, Jeff"]
[Result "0-1"]
[WhiteElo "2050"]
[BlackElo "2315"]
[PlyCount "104"]
[EventDate "2015.07.24"]
[EventType "swiss"]
[EventRounds "5"]
[EventCountry "FIN"]
[SourceTitle "EXT 2022"]
[Source "ChessBase"]
[SourceDate "2021.10.06"]
[SourceVersion "1"]
[SourceVersionDate "2021.10.06"]
[SourceQuality "1"]

1. d4 Nf6 2. c4 c5 3. d5 e6 4. Nc3 exd5 5. cxd5 d6 6. e4 g6 7. Bd3 Bg7 8. h3 Nh5 9. Nf3 0-0 10. 0-0 a6 11. a4 Nd7 12. Re1 Qc7 13. Nd2 Ne5 14. Bf1 c4 15. Nf3 Bd7 16. a5 Nxf3+ 17. Qxf3 f5 18. Qe2 fxe4 19. Nxe4 Bb5 20. Ng5 c3 21. Qe6+ Kh8 22. Bxb5 axb5 23. b4 Be5 24. Qg4 Nf6 25. Qe2 Qc4 26. Qxc4 bxc4 27. Ne6 c2 28. Rxe5 dxe5 29. Nxf8 Rxf8 30. Bb2 Nxd5 31. Bxe5+ Kg8 32. b5 Nb4 33. Bb2 Nd3 34. Bc1 Ra8 35. Bd2 Kf7 36. Kf1 Ke6 37. a6 Kd7 38. a7 b6 39. Ke2 Kc7 40. Bc1 Kb7 41. Kd2 Nxf2 42. Kxc2 Ne4 43. Ra4 Nd6 44. Rb4 Rxa7 45. Bf4 Ne4 46. Rxc4 Nc5 47. g3 Ra2+ 48. Kc3 Ra5 49. Rb4 Ra3+ 50. Kd2 Kc8 51. Be3 Kd7 52. Rd4+ Ke6 0-1

[Event "Heart of Finland op 25th"]
[Site "Jyvaskyla"]
[Date "2015.07.18"]
[Round "8"]
[White "Hytonen, Timo"]
[Black "Pershin, Denis"]
[Result "0-1"]
[WhiteElo "1946"]
[BlackElo "2222"]
[PlyCount "52"]
[EventDate "2015.07.13"]
[EventType "swiss"]
[EventRounds "9"]
[EventCountry "FIN"]
[SourceTitle "CBM 167 Extra"]
[Source "ChessBase"]
[SourceDate "2015.09.14"]
[SourceVersion "1"]
[SourceVersionDate "2015.09.14"]
[SourceQuality "1"]

1. d4 Nf6 2. c4 e6 3. Nc3 Bb4 4. e3 0-0 5. Nge2 d5 6. a3 Bd6 7. Ng3 c5 8. dxc5 Bxc5 9. b4 Be7 10. Bb2 b6 11. Be2 a5 12. Qb3 axb4 13. axb4 dxc4 14. Bxc4 Rxa1+ 15. Bxa1 Nc6 16. b5 Na5 17. Qa2 Bb4 18. 0-0 Qc7 19. Be2 Bxc3 20. Rc1 Nd5 21. e4 Qf4 22. Qc2 Nb3 23. Bxc3 Nxc3 24. Re1 Nxe2+ 25. Nxe2 Qd2 26. Qxb3 Qxe1# 0-1

[Event "Kuopio We KSY"]
[Site "Kuopio"]
[Date "2015.04.26"]
[Round "5"]
[White "Nazarova, Anastasia"]
[Black "Hytonen, Timo"]
[Result "0-1"]
[WhiteElo "1974"]
[BlackElo "1946"]
[PlyCount "136"]
[EventDate "2015.04.25"]
[EventType "swiss"]
[EventRounds "5"]
[EventCountry "FIN"]
[SourceTitle "EXT 2022"]
[Source "ChessBase"]
[SourceDate "2021.10.06"]
[SourceVersion "1"]
[SourceVersionDate "2021.10.06"]
[SourceQuality "1"]

1. e4 c6 2. d4 d5 3. Nc3 dxe4 4. Nxe4 Bf5 5. Ng3 Bg6 6. Nh3 e6 7. Nf4 Bd6 8. Bc4 Qc7 9. Nfh5 Nf6 10. Nxg7+ Kf8 11. Bh6 Kg8 12. N7h5 Nxh5 13. Nxh5 Qa5+ 14. Bd2 Qxh5 15. g4 Qh4 16. Qf3 Nd7 17. 0-0-0 Qf6 18. Qe3 Nb6 19. Bb3 Nd5 20. Bxd5 cxd5 21. h4 h5 22. f3 hxg4 23. fxg4 Rxh4 24. g5 Qf5 25. Qb3 Rxh1 26. Rxh1 Rc8 27. Bc3 b5 28. a3 a5 29. Kb1 a4 30. Qxb5 Qxc2+ 31. Ka1 Qd3 32. Qxa4 Qc4 33. Qa5 Qc6 34. Bd2 Ra8 35. Qc3 Qxc3 36. Bxc3 Bc2 37. Ka2 Kg7 38. Rc1 Bd3 39. b4 Bc4+ 40. Kb2 Bb5 41. Rg1 Kg6 42. Rg2 Bf4 43. Be1 Be3 44. Bc3 Ba4 45. Rg3 Bxg5 46. Bd2 f6 47. Bxg5 fxg5 48. Re3 Ra6 49. Kc1 Kf5 50. Kd2 Kf4 51. Rc3 Rc6 52. Rh3 Rc2+ 53. Ke1 Ra2 54. Rh6 Kf5 55. Rh3 Bb5 56. Re3 g4 57. Re5+ Kf6 58. Re3 Be8 59. Kf1 Rd2 60. Rc3 Rxd4 61. Rc8 Bb5+ 62. Ke1 g3 63. Rf8+ Ke5 64. Rg8 Rd3 65. Rb8 Rf3 66. Rg8 Rxa3 67. Rg7 Ra1+ 68. Kd2 g2 0-1

[Event "Kuopio We KSY"]
[Site "Kuopio"]
[Date "2015.04.25"]
[Round "2"]
[White "Hytonen, Timo"]
[Black "Karppinen, Martti"]
[Result "1-0"]
[WhiteElo "1946"]
[BlackElo "1949"]
[PlyCount "59"]
[EventDate "2015.04.25"]
[EventType "swiss"]
[EventRounds "5"]
[EventCountry "FIN"]
[SourceTitle "EXT 2022"]
[Source "ChessBase"]
[SourceDate "2021.10.06"]
[SourceVersion "1"]
[SourceVersionDate "2021.10.06"]
[SourceQuality "1"]

1. d4 d5 2. c4 Nf6 3. cxd5 Nxd5 4. Nf3 e6 5. e4 Bb4+ 6. Bd2 Bxd2+ 7. Qxd2 Ne7 8. Bd3 Nbc6 9. 0-0 0-0 10. Bc2 b6 11. h4 Bb7 12. Rd1 a5 13. a3 Kh8 14. Nc3 Ng8 15. d5 Nce7 16. dxe6 Qxd2 17. Rxd2 fxe6 18. Rd7 Rac8 19. Bb3 Bc6 20. Rd4 Rf6 21. Ng5 e5 22. Rd2 Nh6 23. Rad1 Rcf8 24. Ne6 Rc8 25. Rd8+ Nhg8 26. Rxc8 Nxc8 27. Rd8 Nce7 28. Nxc7 Rf4 29. N7d5 Nxd5 30. Nxd5 1-0

[Event "Jyvaskyla Winter Weekend B"]
[Site "Jyvaskyla"]
[Date "2015.01.25"]
[Round "5"]
[White "Turunen, Tuomo"]
[Black "Hytonen, Timo"]
[Result "1/2-1/2"]
[WhiteElo "1902"]
[BlackElo "1980"]
[PlyCount "118"]
[EventDate "2015.01.23"]
[EventType "swiss"]
[EventRounds "5"]
[EventCountry "FIN"]
[SourceTitle "EXT 2022"]
[Source "ChessBase"]
[SourceDate "2021.10.06"]
[SourceVersion "1"]
[SourceVersionDate "2021.10.06"]
[SourceQuality "1"]

1. b3 d5 2. Bb2 c5 3. g3 Nc6 4. Bg2 e5 5. d3 Be6 6. Nd2 Qd7 7. e3 Bd6 8. Ne2 Nge7 9. 0-0 Bh3 10. d4 Bxg2 11. Kxg2 cxd4 12. exd4 e4 13. c4 f5 14. Nc3 Nb4 15. Ba3 Nd3 16. Bxd6 Qxd6 17. cxd5 Nxd5 18. Nc4 Qe6 19. Qxd3 exd3 20. Rfe1 0-0-0 21. Rxe6 Nxc3 22. Nd2 Ne2 23. Nf3 Rhe8 24. Re3 Rxe3 25. fxe3 Rd6 26. Rd1 Nc3 27. Rxd3 Nxa2 28. Ne5 b5 29. Rd2 Nc3 30. h4 Ra6 31. Rc2 Ra2 32. Rxa2 Nxa2 33. Nd3 Nc3 34. b4 Kd7 35. Kf3 Ke6 36. Kf4 Nd5+ 37. Kf3 Nc3 38. Kf4 Kf6 39. g4 Nd5+ 40. Kf3 fxg4+ 41. Ke4 Nc3+ 42. Kf4 h5 43. e4 g3 44. e5+ Ke7 45. Kxg3 Ne2+ 46. Kf3 Nxd4+ 47. Ke4 Ne6 48. Kd5 g5 49. hxg5 Nxg5 50. Nf4 h4 51. Ng6+ Kd7 52. Nxh4 Ne6 53. Nf3 a6 54. Nd4 Nf4+ 55. Ke4 Ng6 56. Kd5 Nf4+ 57. Ke4 Ng6 58. Nb3 Kc6 59. Nd4+ Kd7 1/2-1/2

[Event "Lappeenranta We LprSK"]
[Site "Lappeenranta"]
[Date "2012.06.10"]
[Round "5"]
[White "Aijala, Jouko"]
[Black "Hytonen, Timo"]
[Result "0-1"]
[WhiteElo "2156"]
[BlackElo "1838"]
[PlyCount "76"]
[EventDate "2012.06.08"]
[EventType "swiss"]
[EventRounds "5"]
[EventCountry "FIN"]
[SourceTitle "EXT 2022"]
[Source "ChessBase"]
[SourceDate "2021.10.06"]
[SourceVersion "1"]
[SourceVersionDate "2021.10.06"]
[SourceQuality "1"]

1. d4 Nf6 2. c4 c5 3. d5 b5 4. cxb5 a6 5. bxa6 g6 6. Nc3 Bxa6 7. g3 d6 8. Bg2 Bg7 9. Nf3 Nbd7 10. 0-0 Nb6 11. Re1 0-0 12. Rb1 Bc4 13. e4 Bxa2 14. Nxa2 Rxa2 15. Qb3 Ra4 16. Nd2 Ng4 17. Qd1 Ne5 18. Bf1 f5 19. exf5 Rxf5 20. Bh3 Rf8 21. Qe2 Rd4 22. f4 Nd3 23. Rf1 Kh8 24. Be6 Qe8 25. Nf3 Nxc1 26. Rbxc1 Rb4 27. Rc2 Qa4 28. h4 Re4 29. Qh2 Bd4+ 30. Kh1 Re3 31. h5 gxh5 32. Ng5 Bf6 33. Nxh7 Qe4+ 34. Rg2 Qxh7 35. Qh3 h4 36. Bf5 Qh5 37. Bg4 Qxd5 38. Rd1 Rxg3 0-1

[Event "Lappeenranta We LprSK"]
[Site "Lappeenranta"]
[Date "2012.06.09"]
[Round "3"]
[White "Heino, Aimo"]
[Black "Hytonen, Timo"]
[Result "1/2-1/2"]
[WhiteElo "1767"]
[BlackElo "1838"]
[PlyCount "44"]
[EventDate "2012.06.08"]
[EventType "swiss"]
[EventRounds "5"]
[EventCountry "FIN"]
[SourceTitle "EXT 2022"]
[Source "ChessBase"]
[SourceDate "2021.10.06"]
[SourceVersion "1"]
[SourceVersionDate "2021.10.06"]
[SourceQuality "1"]

1. e4 c6 2. d4 d5 3. Nc3 dxe4 4. Nxe4 Bf5 5. Ng3 Bg6 6. Nf3 Nd7 7. h4 h6 8. h5 Bh7 9. Bd3 Bxd3 10. Qxd3 Ngf6 11. 0-0 e6 12. Bf4 Be7 13. c4 0-0 14. Rad1 Qa5 15. Ne5 Rfd8 16. Qb3 Qb6 17. Qxb6 Nxb6 18. b3 c5 19. dxc5 Bxc5 20. Nd3 Be7 21. Ne5 a5 22. a4 Bd6 1/2-1/2